000 01011nam a22003617a 4500
001 BR0701398
003 BR-BrBNA
005 20230928102345.0
007 ta
008 230509b bl.||||| |||| 00| 0 por d
040 _aBR-BrBNA
_bpor
_cBiblioteca Nacional de Agricultura
041 _a(Por)
072 _aE70; D50
_b2790
_b2200
090 _ 2790 BR0701398
100 1 _aBatalha, M.O.
100 1 _aMing, L.C.(coords.)
245 1 _aPlantas medicinais e aromáticas: um estudo de competitividade no Estado de São Paulo
260 3 _aSão Paulo, SP (Brasil):
_c2003.
300 _a240 p.
500 _aBibliography p. 229-240;; 8 illus.; 18 tables
650 _aPLANTA MEDICINAL
650 _aPLANTA AROMÁTICA
650 _aPROCESSAMENTO
650 _aAGRONEGÓCIO
650 _aTECNOLOGIA
650 _aMERCADO
650 _aANÁLISE
650 _aLEGISLAÇÃO
650 _aSISTEMA DE PRODUÇÃO
650 _aSÃO PAULO
909 _a202309
_bLucia
_c55
_dLucia Elande
942 _cBK
999 _c70358
_d70358